000 00633nam a2200241Ia 4500
003 OSt
005 20221007103714.0
006 a|||||r|||| 00| 0
007 ta
008 221006b |||||||| |||| 00| 0 eng d
024 _a13,797
037 _cTextual
040 _aLCO
_cLCO
_beng
041 _2eng
_aeng
082 _aZ251,186, M3
100 _aPandey C.P.
_9705466
245 0 _aDelhi Local Law
260 _aDelhi
_bAllied Book Company India
_c1983
490 _vVol.1&22
650 _aDELHI LOCAL LAWS
_9705467
942 _hZ251,186, M3
_cTEXL
999 _c1183360
_d1183360